Essential Atlas of Heart Disease (Record no. 8260)

MARC details
000 -LEADER
fixed length control field 01003cam a22003014a 4500
001 - CONTROL NUMBER
control field 706772
003 - CONTROL NUMBER IDENTIFIER
control field OSt
005 - DATE AND TIME OF LATEST TRANSACTION
control field 20240115124642.0
008 - FIXED-LENGTH DATA ELEMENTS--GENERAL INFORMATION
fixed length control field 970106s1997 paua b 001 0 eng c
010 ## - LIBRARY OF CONGRESS CONTROL NUMBER
LC control number 97000988
020 ## - INTERNATIONAL STANDARD BOOK NUMBER
International Standard Book Number 0838522517
040 ## - CATALOGING SOURCE
Original cataloging agency DNLM/DLC
Transcribing agency DLC
Modifying agency DLC
042 ## - AUTHENTICATION CODE
Authentication code pcc
050 00 - LIBRARY OF CONGRESS CALL NUMBER
Classification number RC682
Item number .B73 1997
060 10 - NATIONAL LIBRARY OF MEDICINE CALL NUMBER
Classification number WG 17 B825e 1997
082 00 - DEWEY DECIMAL CLASSIFICATION NUMBER
Classification number WG17 E74e 1997
Edition number 21
100 ## - MAIN ENTRY--PERSONAL NAME
Personal name Editor-in-chief Eugene, Braunwald.
9 (RLIN) 13091
245 00 - TITLE STATEMENT
Title Essential Atlas of Heart Disease
260 ## - PUBLICATION, DISTRIBUTION, ETC. (IMPRINT)
Place of publication, distribution, etc. Philadelphia;
Name of publisher, distributor, etc. Current Medicine,
Date of publication, distribution, etc. 1997.
300 ## - PHYSICAL DESCRIPTION
Extent 1 v. :
Other physical details col. ill. ;
Dimensions 31 cm.
504 ## - BIBLIOGRAPHY, ETC. NOTE
Bibliography, etc Includes bibliographical references and index.
650 #0 - SUBJECT ADDED ENTRY--TOPICAL TERM
Topical term or geographic name as entry element Heart Atlas
9 (RLIN) 4869
650 12 - SUBJECT ADDED ENTRY--TOPICAL TERM
Topical term or geographic name as entry element Cardiovascular diseases
9 (RLIN) 4870
906 ## - LOCAL DATA ELEMENT F, LDF (RLIN)
a 7
b cbc
c orignew
d 1
e ocip
f 19
g y-gencatlg
942 ## - ADDED ENTRY ELEMENTS (KOHA)
Source of classification or shelving scheme Other/Generic Classification Scheme
Koha item type Open Shelf
Holdings
Withdrawn status Lost status Source of classification or shelving scheme Damaged status Not for loan Home library Current library Date acquired Inventory number Total Checkouts Full call number Barcode Date last seen Price effective from Koha item type
    Other/Generic Classification Scheme     MUST Main Library MUST Main Library 15/01/2024 06/26433   WG17 E74e 1997 2024-0020 15/01/2024 15/01/2024 Open Shelf